|
|
|
|
| LEADER |
00000naa2a2200000 4500 |
| 001 |
420094 |
| 005 |
20231101073329.0 |
| 035 |
|
|
|a (RuTPU)RU\TPU\prd\77576
|
| 035 |
|
|
|a RU\TPU\prd\32355
|
| 090 |
|
|
|a 420094
|
| 100 |
|
|
|a 20100301a2004 k y0rusy50 ca
|
| 101 |
0 |
|
|a rus
|
| 102 |
|
|
|a RU
|
| 200 |
1 |
|
|a Решение уравнений для продольных компонент электромагнитного поля в биизотропной среде в окресности регулярной особой точки в виде обобщенных степенных рядов
|f В. А. Мещеряков, А. Е. Мудров, Г. А. Редькин, А. А. Жуков
|
| 225 |
1 |
|
|a Физика магнитных явлений
|
| 320 |
|
|
|a Библиогр.: 6 назв.
|
| 461 |
|
1 |
|0 (RuTPU)RU\TPU\prd\191
|x 0021-3411
|t Известия вузов. Физика
|f Министерство общего и профессионального образования Российской Федерации ; Томский Госуниверситет
|d 1958-
|
| 463 |
|
1 |
|0 (RuTPU)RU\TPU\prd\77568
|t Т. 47, № 5
|v с. 50-57
|d 2004
|
| 610 |
1 |
|
|a электромагнитные волны
|
| 610 |
1 |
|
|a распостранение
|
| 610 |
1 |
|
|a биизотропные среды
|
| 610 |
1 |
|
|a специальные функции
|
| 610 |
1 |
|
|a построение
|
| 610 |
1 |
|
|a формальные методы
|
| 610 |
1 |
|
|a дифференциальные уравнения
|
| 610 |
1 |
|
|a формирование решений
|
| 610 |
1 |
|
|a обобщенные степенные ряды
|
| 610 |
1 |
|
|a продольные компоненты
|
| 610 |
1 |
|
|a окресности
|
| 675 |
|
|
|a 631.372
|v 3
|
| 701 |
|
1 |
|a Мещеряков
|b В. А.
|
| 701 |
|
1 |
|a Мудров
|b А. Е.
|
| 701 |
|
1 |
|a Редькин
|b Г. А.
|
| 701 |
|
1 |
|a Жуков
|b А. А.
|
| 801 |
|
1 |
|a RU
|b 63413507
|c 20050203
|g PSBO
|
| 801 |
|
2 |
|a RU
|b 63413507
|c 20101029
|g RCR
|
| 942 |
|
|
|c BK
|